[Event "CYCC U16"]
[Site "Victoria CAN"]
[Date "2005.03.26"]
[Round "5.1"]
[White "Tam, Timothy"]
[Black "Yu, Jonathan"]
[Result "0-1"]
[WhiteElo "1845"]
[BlackElo "1846"]
[PlyCount "80"]
[GameId "2160767910965276"]
[EventDate "2005.03.24"]
[EventType "swiss"]
[EventRounds "7"]
[EventCountry "CAN"]

1. e4 e6 2. d4 d5 3. exd5 exd5 4. Bd3 Nc6 5. c3 Bd6 6. Nf3 Nge7 7. O-O Bg4 8. Re1 Qd7 9. Nbd2 O-O-O 10. Qa4 Kb8 11. Bb5 f6 12. b4 g5 13. Bd3 Ng6 14. b5 Nce7 15. Bb2 Bh5 16. g3 g4 17. Nh4 Nxh4 18. gxh4 Bg6 19. Bf1 Bf4 20. Ba3 Nc8 21. Nb3 Qf5 22. Nc5 Rhe8 23. Nd3 Nb6 24. Qb3 Bh6 25. Bc1 Rxe1 26. Nxe1 Qh5 27. Bxh6 Qxh6 28. Ng2 Be4 29. a4 Bxg2 30. Bxg2 f5 31. a5 Nc4 32. a6 Nd2 33. Qc2 Ne4 34. c4 dxc4 35. Bxe4 fxe4 36. Qxe4 Qb6 37. Qxh7 Qxd4 38. Rb1 c3 39. Qc2 Qf6 40. Rb3 Rd2 0-1

[Event "CYCC U16"]
[Site "Victoria CAN"]
[Date "2005.03.26"]
[Round "5.2"]
[White "Wang, David"]
[Black "Derraugh, Geordie"]
[Result "1-0"]
[WhiteElo "2176"]
[BlackElo "1943"]
[PlyCount "89"]
[GameId "2160767910965277"]
[EventDate "2005.03.24"]
[EventType "swiss"]
[EventRounds "7"]
[EventCountry "CAN"]

1. e4 e5 2. Nf3 Nc6 3. Bb5 a6 4. Ba4 Nf6 5. O-O Be7 6. Re1 b5 7. Bb3 O-O 8. h3 d6 9. c3 Bb7 10. d4 exd4 11. cxd4 h6 12. Nbd2 Qd7 13. Nf1 d5 14. Ne5 Qd8 15. Nxc6 Bxc6 16. e5 Ne4 17. Bc2 f5 18. exf6 Bxf6 19. f3 Nd6 20. Ng3 Bd7 21. Bf4 Bh4 22. Qc1 Bxg3 23. Bxg3 Bf5 24. Bb3 Nc4 25. a3 c6 26. Ba2 Qd7 27. b3 Nd6 28. Qc3 Rf6 29. Rac1 Rc8 30. Bh4 Re6 31. Qc5 Nf7 32. Qb6 Ree8 33. Bg3 Ng5 34. h4 Ne6 35. b4 Red8 36. Be5 Bd3 37. Bb1 Bc4 38. Bf5 Re8 39. Bg3 Re7 40. Re5 Rce8 41. Rce1 Kf7 42. h5 Kg8 43. Bh4 Rf7 44. Bxe6 Rxe6 45. Rxe6 1-0

[Event "CYCC U16"]
[Site "Victoria CAN"]
[Date "2005.03.26"]
[Round "5.3"]
[White "Ho, Conrad"]
[Black "Ho, Martin"]
[Result "0-1"]
[WhiteElo "1705"]
[BlackElo "1827"]
[PlyCount "86"]
[GameId "2160767910965278"]
[EventDate "2005.03.24"]
[EventType "swiss"]
[EventRounds "7"]
[EventCountry "CAN"]

1. e4 e6 2. d4 d5 3. Nc3 Nf6 4. Bg5 Be7 5. e5 Nfd7 6. Bxe7 Qxe7 7. f4 Nb6 8. Nf3 Nc6 9. Bd3 Bd7 10. O-O O-O-O 11. a3 h6 12. b4 g5 13. b5 Na5 14. Nd2 f6 15. Nb3 Nxb3 16. cxb3 gxf4 17. a4 fxe5 18. a5 Na8 19. b6 exd4 20. a6 cxb6 21. axb7+ Kxb7 22. Na4 Nc7 23. Qe2 Ra8 24. Rxf4 e5 25. Rff1 e4 26. Rfc1 Qg5 27. Bxe4 dxe4 28. Qxe4+ Nd5 29. Qxd4 Qe3+ 30. Qxe3 Nxe3 31. Rc3 Nd5 32. Rd3 Bxa4 33. Rxa4 Rad8 34. Rad4 Kc6 35. Rc4+ Kd6 36. Rcd4 Ke5 37. Kf2 Rhf8+ 38. Kg3 Rg8+ 39. Kh4 Rxg2 40. Ra4 Rd7 41. Rd1 Rxh2+ 42. Kg3 Rg2+ 43. Kf3 Rf7+ 0-1

[Event "CYCC U16"]
[Site "Victoria CAN"]
[Date "2005.03.26"]
[Round "5.4"]
[White "Goodman, Kevin"]
[Black "Ye, Ling Feng"]
[Result "0-1"]
[WhiteElo "1673"]
[BlackElo "1752"]
[PlyCount "80"]
[GameId "2160767910965279"]
[EventDate "2005.03.24"]
[EventType "swiss"]
[EventRounds "7"]
[EventCountry "CAN"]

1. d4 Nf6 2. c4 g6 3. Nc3 Bg7 4. e4 d6 5. Be2 O-O 6. Be3 e5 7. Nf3 Nc6 8. a3 a5 9. d5 Ne7 10. b4 Ne8 11. Nd2 f5 12. f3 f4 13. Bf2 g5 14. c5 Ng6 15. cxd6 cxd6 16. Rc1 Rf7 17. bxa5 Rxa5 18. Nc4 Ra8 19. Nb6 Rb8 20. Qa4 Bd7 21. Nxd7 Rxd7 22. Bb5 Re7 23. Bxe8 Rxe8 24. Nb5 Re7 25. Qb4 Rd7 26. O-O h5 27. Na7 g4 28. Bb6 Qg5 29. fxg4 f3 30. Rc8+ Rxc8 31. Nxc8 fxg2 32. Kxg2 Nh4+ 33. Kh1 Qxg4 34. Qb2 Qxe4+ 35. Kg1 Qg4+ 36. Kh1 Rf7 37. Rc1 Qe4+ 38. Kg1 Nf3+ 39. Kg2 Ng5+ 40. Kg1 Nh3# 0-1

[Event "CYCC U16"]
[Site "Victoria CAN"]
[Date "2005.03.26"]
[Round "5.5"]
[White "Jia, Derek"]
[Black "Churchill, Sam"]
[Result "1-0"]
[WhiteElo "1867"]
[BlackElo "1590"]
[PlyCount "173"]
[GameId "2160767910965280"]
[EventDate "2005.03.24"]
[EventType "swiss"]
[EventRounds "7"]
[EventCountry "CAN"]

1. e4 Nf6 2. e5 Nd5 3. d4 d6 4. c4 Nb6 5. exd6 cxd6 6. Nc3 g6 7. Bd3 Bg7 8. Nge2 O-O 9. O-O Nc6 10. Be3 d5 11. cxd5 Nxd5 12. Bc4 Nxc3 13. bxc3 Bf5 14. Ng3 Qc8 15. Bb3 Rd8 16. Qf3 Be6 17. Rfc1 Na5 18. Rab1 b6 19. Bxe6 Qxe6 20. Qe2 Rac8 21. Bg5 Qxe2 22. Nxe2 Nc4 23. Re1 Rd7 24. h3 h6 25. Be3 e5 26. Red1 Rcd8 27. Rb4 exd4 28. Nxd4 Nxe3 29. fxe3 Rc8 30. Rd3 Bf8 31. Rb3 Rc4 32. Kf2 Ra4 33. Rd2 Bc5 34. Ke2 f5 35. Kf3 Be7 36. Rbb2 Rc4 37. Nxf5 Rxd2 38. Nxe7+ Kf7 39. Rxd2 Kxe7 40. Rc2 Ke6 41. Ke2 Ke5 42. Kd3 b5 43. Rb2 a6 44. Rb4 Rc5 45. g4 Kf6 46. h4 Ke6 47. Rd4 Ke7 48. a4 Ke6 49. axb5 axb5 50. Rd8 Rc4 51. Rd4 Rc5 52. Re4+ Kd7 53. Rf4 Ke7 54. Rb4 Rd5+ 55. Ke4 Ke6 56. c4 bxc4 57. Rxc4 Re5+ 58. Kf4 Ra5 59. Rc6+ Kf7 60. Rc1 Ke6 61. Rc6+ Kf7 62. Rc2 Ke6 63. Rf2 Re5 64. Rg2 Rb5 65. Rd2 Ra5 66. h5 Ra4+ 67. Kf3 Kf6 68. hxg6 Kxg6 69. Rh2 Ra3 70. Kf4 Ra1 71. Rh3 Ra3 72. Rg3 h5 73. gxh5+ Kxh5 74. Ke4 Ra4+ 75. Kf5 Ra5+ 76. Kf4 Ra3 77. Rg1 Ra8 78. e4 Rf8+ 79. Ke5 Re8+ 80. Kd4 Rd8+ 81. Ke3 Re8 82. Rg2 Kh6 83. Kf4 Rd8 84. Ke3 Re8 85. Kf4 Rf8+ 86. Ke5 Re8+ 87. Kf6 1-0

[Event "CYCC U16"]
[Site "Victoria CAN"]
[Date "2005.03.26"]
[Round "5.6"]
[White "Letourneau, Leo"]
[Black "Fokkema, Jerred"]
[Result "0-1"]
[WhiteElo "960"]
[BlackElo "1684"]
[PlyCount "88"]
[GameId "2160767910965281"]
[EventDate "2005.03.24"]
[EventType "swiss"]
[EventRounds "7"]
[EventCountry "CAN"]

1. g3 e5 2. d4 exd4 3. Qxd4 Nc6 4. Qe3+ Be7 5. Bg2 Nf6 6. Bxc6 dxc6 7. Nf3 O-O 8. O-O Bh3 9. Re1 Re8 10. c3 Bg4 11. Nbd2 Bxf3 12. Qxf3 Qd7 13. Qd3 Qh3 14. Nf3 Rad8 15. Ng5 Qh5 16. Qf5 h6 17. g4 Qxg4+ 18. Qxg4 Nxg4 19. Nf3 Bc5 20. e3 f5 21. h3 Ne5 22. Nxe5 Rxe5 23. b4 Be7 24. f4 Re4 25. Bb2 Rd2 26. Bc1 Rc2 27. Rd1 Rxc3 28. Rd7 Rcc4 29. Rxc7 Bxb4 30. Rxb7 Re7 31. Rxe7 Bxe7 32. Kg2 Rc2+ 33. Kg3 Bf6 34. Rb1 Rxa2 35. Rb8+ Kh7 36. Rc8 Rc2 37. Ba3 Rc3 38. Bd6 Rxe3+ 39. Kg2 Rc3 40. Ra8 Rc2+ 41. Kf3 Bd4 42. Be5 Rc5 43. Kg2 Bxe5 44. fxe5 Rxe5 0-1

[Event "CYCC U16"]
[Site "Victoria CAN"]
[Date "2005.03.26"]
[Round "5.7"]
[White "McKay, Zachary"]
[Black "Chan, Michael"]
[Result "0-1"]
[WhiteElo "1051"]
[BlackElo "1701"]
[PlyCount "80"]
[GameId "2160767910965282"]
[EventDate "2005.03.24"]
[EventType "swiss"]
[EventRounds "7"]
[EventCountry "CAN"]

1. d4 Nf6 2. e3 g6 3. c4 Bg7 4. Be2 O-O 5. Nf3 d6 6. O-O Nbd7 7. Nbd2 e5 8. Re1 e4 9. Ng5 Re8 10. Qc2 Qe7 11. b4 h6 12. Nh3 c5 13. d5 cxb4 14. Nf4 g5 15. Nh3 Nxd5 16. cxd5 Bxa1 17. Bb2 Bxb2 18. Qxb2 a5 19. Nc4 b5 20. Nd2 Qe5 21. Qb3 Nc5 22. Qb1 Bxh3 23. gxh3 Qxd5 24. Rd1 Qe5 25. Bxb5 Reb8 26. Bc6 Ra7 27. Nxe4 Rc7 28. Bd5 Rbc8 29. Rd4 Ne6 30. Qd3 Nxd4 31. Qxd4 Qxd4 32. exd4 Kf8 33. Nxd6 Rd8 34. Nb5 Rc1+ 35. Kg2 Rxd5 36. Na7 Rc7 37. Kf3 Rxa7 38. Ke3 Rad7 39. h4 Rxd4 40. hxg5 hxg5 0-1

[Event "CYCC U16"]
[Site "Victoria CAN"]
[Date "2005.03.26"]
[Round "5.8"]
[White "Porter, Kyle"]
[Black "Nodin, Conrad"]
[Result "1-0"]
[WhiteElo "934"]
[BlackElo "859"]
[PlyCount "33"]
[GameId "2160767910965283"]
[EventDate "2005.03.24"]
[EventType "swiss"]
[EventRounds "7"]
[EventCountry "CAN"]

1. e4 Nc6 2. Nf3 e5 3. Bb5 Nd4 4. Nxd4 exd4 5. Qf3 Qg5 6. Bc4 Nf6 7. Na3 Bxa3 8. bxa3 O-O 9. d3 d6 10. Bxg5 Bg4 11. Qg3 d5 12. Bxf6 dxc4 13. Qxg4 g6 14. Qh3 cxd3 15. Qh6 d2+ 16. Kxd2 Rfd8 17. Qg7# 1-0

[Event "CYCC U16"]
[Site "Victoria CAN"]
[Date "2005.03.26"]
[Round "6.1"]
[White "Ho, Martin"]
[Black "Wang, David"]
[Result "0-1"]
[WhiteElo "1827"]
[BlackElo "2176"]
[PlyCount "48"]
[GameId "2160767910965284"]
[EventDate "2005.03.24"]
[EventType "swiss"]
[EventRounds "7"]
[EventCountry "CAN"]

1. e4 c5 2. Nf3 e6 3. d4 cxd4 4. Nxd4 Nf6 5. Bd3 Nc6 6. Nxc6 bxc6 7. c4 d5 8. e5 Nd7 9. f4 Bc5 10. Nc3 O-O 11. Qe2 Ba6 12. Qh5 g6 13. Qg4 Nb6 14. h4 Bxc4 15. Bb1 d4 16. Ne4 Be7 17. h5 d3 18. Qh3 Qd4 19. Ng3 Bb4+ 20. Kd1 d2 21. Ne4 dxc1=Q+ 22. Kxc1 Na4 23. Nc3 Nxc3 24. hxg6 Ne2+ 0-1

[Event "CYCC U16"]
[Site "Victoria CAN"]
[Date "2005.03.26"]
[Round "6.2"]
[White "Yu, Jonathan"]
[Black "Jia, Derek"]
[Result "1-0"]
[WhiteElo "1846"]
[BlackElo "1867"]
[PlyCount "87"]
[GameId "2160767910965285"]
[EventDate "2005.03.24"]
[EventType "swiss"]
[EventRounds "7"]
[EventCountry "CAN"]

1. e4 c5 2. Nf3 d6 3. c3 Nf6 4. Bc4 Nxe4 5. Qa4+ Nc6 6. Bxf7+ Kxf7 7. Qxe4 e5 8. O-O Be7 9. Re1 Bf6 10. d4 g6 11. dxe5 dxe5 12. Qc4+ Kg7 13. Qxc5 Re8 14. Nbd2 Bg4 15. h3 Bxf3 16. Nxf3 Rc8 17. Qb5 Qc7 18. Bg5 Rcd8 19. Bxf6+ Kxf6 20. Re4 Rd7 21. Rae1 Rde7 22. a4 a6 23. Qe2 Qa5 24. Nh2 Kg7 25. Kh1 Rf8 26. Nf3 Ref7 27. Qd1 Qb6 28. Qc2 Qd8 29. R1e3 Qc8 30. Qe2 Kg8 31. b4 Qc7 32. Qe1 Qd7 33. Qe2 Rf4 34. b5 axb5 35. axb5 Na7 36. Rxe5 Ra4 37. Qb2 Raf4 38. Qa2+ Kh8 39. Qxa7 Rxf3 40. Rxf3 Rxf3 41. gxf3 Qxh3+ 42. Kg1 Qxf3 43. Qb8+ Kg7 44. Re7+ 1-0

[Event "CYCC U16"]
[Site "Victoria CAN"]
[Date "2005.03.26"]
[Round "6.3"]
[White "Ye, Ling Feng"]
[Black "Tam, Timothy"]
[Result "1-0"]
[WhiteElo "1752"]
[BlackElo "1845"]
[PlyCount "89"]
[GameId "2160767910965286"]
[EventDate "2005.03.24"]
[EventType "swiss"]
[EventRounds "7"]
[EventCountry "CAN"]

1. e4 c5 2. Nf3 Nc6 3. d4 cxd4 4. Nxd4 Nf6 5. Nc3 e5 6. Ndb5 d6 7. Bg5 a6 8. Na3 b5 9. Bxf6 gxf6 10. Nd5 f5 11. Bd3 Be6 12. Qh5 Bg7 13. O-O h6 14. c4 b4 15. Nc2 a5 16. exf5 Bxd5 17. cxd5 Nb8 18. Ne3 Nd7 19. Bb5 Kf8 20. Bxd7 Qxd7 21. Rac1 Ke7 22. Rc6 Rhc8 23. Rfc1 a4 24. Qh4+ Bf6 25. Qxb4 Bg5 26. Qg4 Bf6 27. Qc4 Kd8 28. Rxc8+ Rxc8 29. Qxc8+ Qxc8 30. Rxc8+ Kxc8 31. Kf1 Kb7 32. Nc4 Be7 33. Ke2 f6 34. Kd3 Ka6 35. Na3 Bd8 36. Kc4 Bb6 37. Nb5 Bc5 38. Nc7+ Kb7 39. Ne8 Bxf2 40. Nxd6+ Kc7 41. Ne4 Bh4 42. g3 Bg5 43. h3 Kb7 44. Nxg5 hxg5 45. Kd3 1-0

[Event "CYCC U16"]
[Site "Victoria CAN"]
[Date "2005.03.26"]
[Round "6.5"]
[White "Chan, Michael"]
[Black "Ho, Conrad"]
[Result "1/2-1/2"]
[WhiteElo "1701"]
[BlackElo "1705"]
[PlyCount "41"]
[GameId "2160767910965288"]
[EventDate "2005.03.24"]
[EventType "swiss"]
[EventRounds "7"]
[EventCountry "CAN"]

1. e4 e6 2. d3 d5 3. Nd2 c5 4. f4 Qc7 5. g3 Nc6 6. Bg2 Nf6 7. Ngf3 Be7 8. O-O b5 9. b3 Rb8 10. e5 Ng4 11. Qe2 Nh6 12. c4 bxc4 13. dxc4 d4 14. Ne1 Bb7 15. Nd3 a5 16. Ne4 Nb4 17. Nxb4 axb4 18. a4 bxa3 19. Rxa3 O-O 20. Bd2 Ra8 21. Rfa1 1/2-1/2

[Event "CYCC U16"]
[Site "Victoria CAN"]
[Date "2005.03.26"]
[Round "6.6"]
[White "Derraugh, Geordie"]
[Black "Bowles, Malcolm"]
[Result "1/2-1/2"]
[WhiteElo "1943"]
[BlackElo "1377"]
[PlyCount "50"]
[GameId "2160767910965289"]
[EventDate "2005.03.24"]
[EventType "swiss"]
[EventRounds "7"]
[EventCountry "CAN"]

1. e4 d6 2. d4 Nf6 3. Nc3 g6 4. h3 Bg7 5. Be3 c6 6. Nf3 O-O 7. Qd2 Nbd7 8. Be2 b5 9. a3 Bb7 10. O-O a6 11. Bh6 c5 12. Bxg7 Kxg7 13. e5 Ne4 14. Nxe4 Bxe4 15. Qc3 Kg8 16. Qe3 Bxf3 17. Bxf3 cxd4 18. Qd2 Rb8 19. exd6 Ne5 20. dxe7 Nxf3+ 21. gxf3 Qxe7 22. Qxd4 Rfd8 23. Qe3 Qd7 24. Kg2 Ra8 25. Rad1 Qf5 1/2-1/2

[Event "CYCC U16"]
[Site "Victoria CAN"]
[Date "2005.03.26"]
[Round "6.7"]
[White "Porter, Kyle"]
[Black "Letourneau, Leo"]
[Result "0-1"]
[WhiteElo "934"]
[BlackElo "960"]
[PlyCount "70"]
[GameId "2160767910965290"]
[EventDate "2005.03.24"]
[EventType "swiss"]
[EventRounds "7"]
[EventCountry "CAN"]

1. e4 g6 2. Nc3 Bg7 3. Bc4 Bxc3 4. dxc3 Nf6 5. Bh6 Nxe4 6. Qf3 f5 7. Bg7 d5 8. Bxh8 dxc4 9. Bd4 c5 10. Be5 Qd2+ 11. Kf1 Qd5 12. Bxb8 Nd2+ 13. Ke1 Nxf3+ 14. Nxf3 Rxb8 15. Rd1 Qe4+ 16. Kd2 Be6 17. Rhe1 Qf4+ 18. Ke2 Qe4+ 19. Kf1 Qxc2 20. Rd2 Qa4 21. Rxe6 Qxa2 22. Re3 Rd8 23. Ree2 Rxd2 24. Rxd2 Qa1+ 25. Ne1 Qc1 26. Ke2 Qb1 27. Rc2 Qa2 28. b4 Qa6 29. Rb2 cxb4 30. cxb4 c3+ 31. Kd1 cxb2 32. Kc2 Qe2+ 33. Kb1 Qxe1+ 34. Kxb2 Qxb4+ 35. Kc2 Qc5+ 0-1

[Event "CYCC U16"]
[Site "Victoria CAN"]
[Date "2005.03.26"]
[Round "6.8"]
[White "Nodin, Conrad"]
[Black "McKay, Zachary"]
[Result "1-0"]
[WhiteElo "859"]
[BlackElo "1051"]
[PlyCount "117"]
[GameId "2160767910965291"]
[EventDate "2005.03.24"]
[EventType "swiss"]
[EventRounds "7"]
[EventCountry "CAN"]

1. Nf3 Nf6 2. b3 g6 3. Bb2 d6 4. Bxf6 exf6 5. g3 Bg7 6. Bg2 O-O 7. O-O f5 8. c3 Qe7 9. d4 Nd7 10. Nbd2 b6 11. Qe1 Bb7 12. h4 Rae8 13. Ng5 Bxg2 14. Kxg2 Qxe2 15. Ndf3 Qb2 16. Qd2 Re2 17. Qxb2 Rxb2 18. Rfd1 f6 19. Ne6 Re8 20. Nxc7 Ree2 21. Rd2 Rexd2 22. Nxd2 Rxd2 23. Nb5 g5 24. Nxd6 gxh4 25. gxh4 Bf8 26. Nxf5 Ba3 27. Ng3 Bb2 28. Re1 Bxc3 29. Re7 Bxd4 30. Rxd7 Rxf2+ 31. Kh3 Be5 32. Ne4 Rh2+ 33. Kg4 Rg2+ 34. Kf5 Bb2 35. Nxf6+ Kf8 36. Nxh7+ Ke8 37. Rxa7 Rf2+ 38. Ke6 Re2+ 39. Kd5 Re5+ 40. Kc6 Bd4 41. Nf6+ Kd8 42. Nd5 Ke8 43. Nxb6 Re6+ 44. Kd5 Bxb6 45. Kxe6 Bxa7 46. Kd6 Bb8+ 47. Kc6 Kd8 48. b4 Bg3 49. h5 Bf4 50. a4 Kc8 51. b5 Kb8 52. b6 Ka8 53. a5 Kb8 54. a6 Ka8 55. a7 Be5 56. h6 Bf4 57. h7 Be5 58. Kb5 Bd4 59. Ka6 1-0

[Event "CYCC U16"]
[Site "Victoria CAN"]
[Date "2005.03.27"]
[Round "7.1"]
[White "Wang, David"]
[Black "Ye, Ling Feng"]
[Result "1/2-1/2"]
[WhiteElo "2176"]
[BlackElo "1752"]
[PlyCount "100"]
[GameId "2160767910965292"]
[EventDate "2005.03.24"]
[EventType "swiss"]
[EventRounds "7"]
[EventCountry "CAN"]

1. e4 c5 2. Nc3 e6 3. Nge2 Nc6 4. d4 cxd4 5. Nxd4 Nf6 6. Ndb5 d6 7. Bf4 e5 8. Bg5 a6 9. Na3 b5 10. Bxf6 gxf6 11. Nd5 Be6 12. c3 f5 13. Bd3 Bg7 14. Qh5 f4 15. g3 fxg3 16. hxg3 Rb8 17. Nc2 a5 18. Nce3 Ne7 19. Kf1 b4 20. cxb4 Bxd5 21. exd5 Rxb4 22. Qg5 Ng6 23. Qxd8+ Kxd8 24. Nc4 Ke7 25. Nxa5 Rxb2 26. Nc6+ Kf6 27. Bxg6 fxg6 28. a4 Rd2 29. a5 Rxd5 30. a6 Rc5 31. a7 Rxc6 32. a8=Q Rxa8 33. Rxa8 h5 34. Rh4 d5 35. Ra7 d4 36. Re4 Kf5 37. f3 Bf6 38. Ra5 Rc3 39. Kg2 Rd3 40. Kf2 Rd2+ 41. Ke1 Rg2 42. Rf4+ Kg5 43. Rxd4 Rxg3 44. Kf2 Rh3 45. f4+ Kf5 46. fxe5 Bxe5 47. Rdd5 Rh2+ 48. Kf3 Rh3+ 49. Ke2 Rh2+ 50. Ke3 Rh3+ 1/2-1/2

[Event "CYCC U16"]
[Site "Victoria CAN"]
[Date "2005.03.27"]
[Round "7.2"]
[White "Fokkema, Jerred"]
[Black "Yu, Jonathan"]
[Result "0-1"]
[WhiteElo "1684"]
[BlackElo "1846"]
[PlyCount "92"]
[GameId "2160767910965293"]
[EventDate "2005.03.24"]
[EventType "swiss"]
[EventRounds "7"]
[EventCountry "CAN"]

1. e4 e6 2. d4 d5 3. e5 c5 4. c3 Nc6 5. Nf3 Bd7 6. Be2 f6 7. exf6 Nxf6 8. Be3 cxd4 9. Nxd4 Bd6 10. Nxc6 bxc6 11. f4 O-O 12. O-O Qc7 13. g3 Rab8 14. Qc2 e5 15. fxe5 Bxe5 16. Bf2 Bh3 17. Nd2 Bxf1 18. Rxf1 Rbe8 19. Nf3 Bd6 20. Bd3 Ne4 21. Bxe4 dxe4 22. Nd4 h5 23. Qb3+ Rf7 24. Be3 Ref8 25. Rxf7 Rxf7 26. Ne6 Qb7 27. Qc4 Qb5 28. Qxb5 cxb5 29. Ng5 Re7 30. Kf2 Bc7 31. Bd4 Bb6 32. Ke3 Bxd4+ 33. cxd4 Rc7 34. Kxe4 Rc2 35. d5 Rxb2 36. d6 Rxa2 37. Ke5 Re2+ 38. Kd5 b4 39. d7 Rd2+ 40. Kc6 b3 41. Ne4 Rd4 42. Nc3 Kf7 43. Nb5 Rd3 44. Nd6+ Ke7 45. Nf5+ Kd8 46. Nxg7 b2 0-1

[Event "CYCC U16"]
[Site "Victoria CAN"]
[Date "2005.03.27"]
[Round "7.3"]
[White "Tam, Timothy"]
[Black "Ho, Martin"]
[Result "1/2-1/2"]
[WhiteElo "1845"]
[BlackElo "1827"]
[PlyCount "45"]
[GameId "2160767910965294"]
[EventDate "2005.03.24"]
[EventType "swiss"]
[EventRounds "7"]
[EventCountry "CAN"]

1. e4 e6 2. d4 d5 3. exd5 exd5 4. Bd3 Nc6 5. c3 Bd6 6. Ne2 Nge7 7. Bf4 Bf5 8. Bxf5 Nxf5 9. Bxd6 Qxd6 10. Qd3 Qf6 11. Nd2 O-O 12. O-O Rfe8 13. Rfe1 Nd6 14. Ng3 Re6 15. Rxe6 Qxe6 16. Nf3 Re8 17. Re1 Qd7 18. Rxe8+ Qxe8 19. b3 a6 20. h3 f6 21. Nf1 Qe4 22. Qd2 Nf5 23. Kh2 1/2-1/2

[Event "CYCC U16"]
[Site "Victoria CAN"]
[Date "2005.03.27"]
[Round "7.4"]
[White "Derraugh, Geordie"]
[Black "Chan, Michael"]
[Result "1-0"]
[WhiteElo "1943"]
[BlackElo "1701"]
[PlyCount "64"]
[GameId "2160767910965295"]
[EventDate "2005.03.24"]
[EventType "swiss"]
[EventRounds "7"]
[EventCountry "CAN"]

1. e4 e5 2. Nf3 Nc6 3. Bc4 Nf6 4. d3 d6 5. O-O Bg4 6. c3 g6 7. Nbd2 Bg7 8. Qb3 O-O 9. Qxb7 Na5 10. Qa6 Nxc4 11. Qxc4 Nh5 12. h3 Be6 13. Qa4 Nf4 14. Kh2 Qc8 15. Ng1 Nxd3 16. Qc2 Nf4 17. Ndf3 Qa6 18. Bxf4 exf4 19. Rfe1 Rab8 20. Qd2 Qb6 21. b3 f5 22. e5 dxe5 23. Nxe5 g5 24. Ngf3 Rbd8 25. Qc2 Qc5 26. Nxg5 Bxe5 27. Nxe6 f3+ 28. Kg1 Qd6 29. Nxd8 Bh2+ 30. Kh1 fxg2+ 31. Kxg2 Kh8 32. Qd1 Rg8+ 1-0

[Event "CYCC U16"]
[Site "Victoria CAN"]
[Date "2005.03.27"]
[Round "7.5"]
[White "Letourneau, Leo"]
[Black "Jia, Derek"]
[Result "0-1"]
[WhiteElo "980"]
[BlackElo "1867"]
[PlyCount "44"]
[GameId "2160767910965296"]
[EventDate "2005.03.24"]
[EventType "swiss"]
[EventRounds "7"]
[EventCountry "CAN"]

1. g3 d5 2. Bg2 Nf6 3. d4 e6 4. Bf4 Bd6 5. Bg5 h6 6. Bxf6 Qxf6 7. f4 c5 8. c3 Nc6 9. Nd2 cxd4 10. c4 dxc4 11. Ne4 Qe7 12. Qa4 Bb4+ 13. Nd2 O-O 14. Bxc6 bxc6 15. Qxc6 Bb7 16. Qxc4 Bxh1 17. Qxd4 Rfd8 18. Qxd8+ Rxd8 19. O-O-O Qc5+ 20. Kb1 Rxd2 21. Rxd2 Bxd2 22. Ka1 Qc1# 0-1

[Event "CYCC U16"]
[Site "Victoria CAN"]
[Date "2005.03.27"]
[Round "7.6"]
[White "Churchill, Sam"]
[Black "Ho, Conrad"]
[Result "0-1"]
[WhiteElo "1590"]
[BlackElo "1705"]
[PlyCount "76"]
[GameId "2160767910965297"]
[EventDate "2005.03.24"]
[EventType "swiss"]
[EventRounds "7"]
[EventCountry "CAN"]

1. e4 e6 2. d4 d5 3. Nc3 Bb4 4. e5 c5 5. a3 Bxc3+ 6. bxc3 Qc7 7. Qg4 f5 8. exf6 Nxf6 9. Qf4 Qxf4 10. Bxf4 Nbd7 11. f3 Ke7 12. O-O-O Rd8 13. Bb5 a6 14. Bd3 b5 15. Nh3 h6 16. Rhe1 Kf7 17. Nf2 Ra7 18. dxc5 Nxc5 19. c4 dxc4 20. Bg6+ Ke7 21. Rxd8 Kxd8 22. Rd1+ Rd7 23. Re1 Nd5 24. Be5 Ne7 25. Be4 Nxe4 26. Nxe4 Nc6 27. Bg3 Ke7 28. Nd6 Rxd6 29. Bxd6+ Kxd6 30. Rd1+ Kc5 31. Re1 c3 32. Kd1 e5 33. Re3 Kc4 34. Re4+ Nd4 35. Rxe5 Bf5 36. Re7 Bxc2+ 37. Kc1 Kd3 38. Rd7 a5 0-1

[Event "CYCC U16"]
[Site "Victoria CAN"]
[Date "2005.03.27"]
[Round "7.7"]
[White "Bowles, Malcolm"]
[Black "Nodin, Conrad"]
[Result "1-0"]
[WhiteElo "1377"]
[BlackElo "859"]
[PlyCount "36"]
[GameId "2160767910965298"]
[EventDate "2005.03.24"]
[EventType "swiss"]
[EventRounds "7"]
[EventCountry "CAN"]

1. Nf3 Nc6 2. g3 Nf6 3. Bg2 d5 4. d3 h6 5. O-O e5 6. Nbd2 Bc5 7. Nb3 b6 8. Nxc5 bxc5 9. Nd2 Bb7 10. e4 c4 11. Nxc4 Ba6 12. Nd2 Qd6 13. a3 g5 14. Nf3 Bb7 15. Qe2 O-O-O 16. Bd2 Nd7 17. Rfb1 Rdg8 18. b4 f6 1-0

[Event "CYCC U16"]
[Site "Victoria CAN"]
[Date "2005.03.27"]
[Round "7.8"]
[White "McKay, Zachary"]
[Black "Porter, Kyle"]
[Result "1/2-1/2"]
[WhiteElo "1051"]
[BlackElo "934"]
[PlyCount "116"]
[GameId "2160767910965299"]
[EventDate "2005.03.24"]
[EventType "swiss"]
[EventRounds "7"]
[EventCountry "CAN"]

1. c3 Nf6 2. d3 c6 3. e3 e5 4. Bd2 Qb6 5. b3 d5 6. Ne2 c5 7. g3 d4 8. c4 dxe3 9. Bxe3 Ng4 10. Bd2 Qf6 11. f4 Bd6 12. Bh3 exf4 13. Bxf4 Bxf4 14. Nxf4 Qe5+ 15. Qe2 Ne3 16. Bxc8 Nc2+ 17. Kd1 Qxe2+ 18. Kxe2 Nxa1 19. Na3 O-O 20. Bf5 Re8+ 21. Be4 f5 22. Rxa1 fxe4 23. Nb5 exd3+ 24. Kxd3 Rd8+ 25. Nd5 Na6 26. Kc3 Rf8 27. Re1 Rf3+ 28. Re3 Rxe3+ 29. Nxe3 Rf8 30. Ng4 Rf3+ 31. Kd2 h5 32. Ne3 Rf2+ 33. Ke1 Rxh2 34. Nf1 Rxa2 35. Nxa7 Nb4 36. Nc8 Nc2+ 37. Kd1 Nd4 38. Nd2 g5 39. Ne7+ Kf7 40. Nd5 h4 41. Nc3 Rxd2+ 42. Kxd2 h3 43. Nd1 Nf3+ 44. Ke3 h2 45. Nf2 g4 46. Kf4 Ne1 47. Kxg4 Nd3 48. Nh1 Ke6 49. Kh3 Ke5 50. Kxh2 Nc1 51. g4 Nxb3 52. g5 Kf5 53. Ng3+ Kxg5 54. Ne4+ Kf5 55. Nd6+ Ke5 56. Nxb7 Kd4 57. Nxc5 Kxc5 58. Kg3 Kxc4 1/2-1/2

[Event "CYCC U16 w"]
[Site "Victoria CAN"]
[Date "2005.03.24"]
[Round "1"]
[White "Dinca, Cornelia"]
[Black "Mandamin, Amelia"]
[Result "1-0"]
[WhiteElo "1825"]
[BlackElo "919"]
[PlyCount "51"]
[GameId "2160767910965300"]
[EventDate "2005.03.24"]
[EventType "swiss"]
[EventRounds "5"]
[EventCountry "CAN"]

1. e4 e6 2. d4 c6 3. Nf3 g6 4. Bd3 Nf6 5. Bg5 h6 6. Bh4 b6 7. e5 g5 8. Bg3 Ng8 9. Nbd2 d5 10. h4 Ba6 11. Bxa6 Nxa6 12. hxg5 h5 13. Bh4 Be7 14. Qe2 b5 15. O-O Rb8 16. a4 Qa5 17. axb5 Qxb5 18. Qxb5 Rxb5 19. Rxa6 c5 20. Rxa7 Rxb2 21. Rfa1 cxd4 22. Rc7 f6 23. gxf6 Nxf6 24. exf6 Bd6 25. Ra8+ Rb8 26. Rxb8# 1-0

[Event "CYCC U16 w"]
[Site "Victoria CAN"]
[Date "2005.03.24"]
[Round "1"]
[White "Ho, Patricia"]
[Black "Chi, Megan"]
[Result "1/2-1/2"]
[WhiteElo "1691"]
[BlackElo "1504"]
[PlyCount "62"]
[GameId "2160767910965301"]
[EventDate "2005.03.24"]
[EventType "swiss"]
[EventRounds "5"]
[EventCountry "CAN"]

1. e4 c5 2. Nf3 d6 3. d4 cxd4 4. Nxd4 Nf6 5. Nc3 g6 6. f3 Bg7 7. Be3 Nc6 8. Qd2 Bd7 9. O-O-O a6 10. g4 h5 11. g5 Nh7 12. f4 Rc8 13. f5 Ne5 14. Nd5 b5 15. Nb3 Bc6 16. Bb6 Qd7 17. Na5 Bxd5 18. Qxd5 Nxg5 19. fxg6 fxg6 20. h4 Ngf3 21. Bh3 Ng4 22. Rhf1 Nfe5 23. Nb3 Qc6 24. Qxc6+ Rxc6 25. Bd4 Rg8 26. Na5 Rc7 27. Bb6 Rc8 28. Kb1 Rb8 29. Bc7 Rc8 30. Bb6 Rb8 31. Bc7 Rc8 1/2-1/2